000 00838nam a2200265Ia 4500
003 OSt
005 20221007123848.0
006 a|||||r|||| 00| 0
007 ta
008 221006b |||||||| |||| 00| 0 eng d
020 _a9780470516102 (pbk)
024 _a80696
037 _b343, 17/03/2008, Ashutosh Technical Books
_cTextual
040 _aCDL
_cCDL
_beng
041 _2eng
_aeng
082 _aE:283, P7 Carc
100 _aHamely Ian W
_9718040
245 0 _aIntroduction to soft matter:synthetic and bilogical self-assembling materials
260 _aEngland
_bJohn Wiley & Sons
_c2007
300 _avii,328p.
_ccm.
500 _aIndex 317-328p
650 _aChemistry
942 _hE:283, P7 Carc
_cTEXL
_2CC
999 _c1212588
_d1212588